A menina sem palavras (Record no. 113336)

MARC details
000 -LÍDER
campo de controle de tamanho fixo 01510 a2200265 4500
001 - NÚMERO DE CONTROLE
campo de controle 113336
003 - IDENTIFICADOR DO NÚMERO DE CONTROLE
campo de controle OSt
005 - DATA E HORÁRIO DA ÚLTIMA TRANSAÇÃO
campo de controle 20240412192832.0
008 - CAMPO DE DADOS FIXOS--INFORMAÇÃO GERAL
campo de controle de tamanho fixo 240412b |||||||| |||| 00| 0 POR d
020 ## - ISBN - INTERNATIONAL STANDARD BOOK NUMBER
ISBN - International Standard Book Number 9788565771061
040 ## - FONTE DA CATALOGAÇÃO
Instituição da catalogação original BR-BrIDEA
Instituição que transcreveu o registro BR-BrIDEA
041 ## - CÓDIGO DE IDIOMA
Código do idioma do texto/trilha sonora ou título diferente por
082 ## - CDD - CLASSIFICAÇÃO DECIMAL DE DEWEY
Número de Classificação 869
090 ## - NÚMERO DE CHAMADA LOCAL
Número de chamada (OCLC) (R); Número de chamada, CALL (RLIN) (NR) P Year 8 869 COU
100 ## - ENTRADA PRINCIPAL--NOME PESSOAL
Nome pessoal Couto, Mia.
245 10 - TÍTULO
Título A menina sem palavras
Indicação de responsabilidade, etc. Mia Couto
250 ## - EDIÇÃO
Edição 1.ed.
260 ## - PUBLICAÇÃO, DISTRIBUIÇÃO, ETC.
Local de publicação, distribuição, etc. São Paulo
Nome do editor, distribuidor, etc. Boa Companhia
Data da publicação, distribuição, etc. 2013
300 ## - DESCRIÇÃO FÍSICA
Extensão 160p.
Dimensões 20.8 x 13.8 x 1 cm
520 ## - NOTA DE RESUMO, ETC
Resumo, etc. Os dezessete contos desta antologia foram escritos em fases distintas da carreira do escritor Mia Couto e compõem um panorama surpreendente do universo infantil em Moçambique. Acostumados a reconhecer nos povos africanos a violência e a miséria, o leitor encontrará nessa seleção uma delicadeza que não se vê nos relatos oficiais. As histórias selecionadas mostram a complexidade que move as relações familiares, a orfandade em um país que viveu por anos em guerra, a realidade das crianças submetidas ao trabalho infantil e os resquícios da luta pela independência. Mia Couto é um prosador bastante sensível às complexidades da vida e um escritor que constrói as narrativas inspiradas na linguagem oral, revelando a sua influência e admiração pelo nosso Guimarães Rosa, sem contar a presença do fantástico e do religioso em suas histórias.
521 ## - NOTA DO PÚBLICO ALVO
Nota de público alvo Grade 7
697 ## - ENTRADA DE ASSUNTO LOCAL--ENTIDADE COLETIVA (RLIN)
Nome corporativo ou nome da jurisdição Contos moçambicanos.
856 ## - LOCALIZAÇÃO ELETRÔNICA E ACESSO
Uniform Resource Identifier <a href="000023/00002376.jpg">000023/00002376.jpg</a>
942 ## - ELEMENTOS DE ENTRADA ADICIONADOS (KOHA)
Tipo de material Koha Livros
Fonte da classificação ou esquema de arquivamento na estante Classificação Decimal de Dewey
Holdings
Situação do descarte Situação das perdas Fonte da classificação ou esquema de arquivamento na estante Situação física Não pode ser emprestado Biblioteca de origem Biblioteca atual Data de aquisição Total de empréstimos Número de chamada completo Código de barras Devolução em Data de último acesso Data do último empréstimo Data do preço efetivo Tipo de material Koha
    Classificação Decimal de Dewey     ECB - SUDOESTE ECB - SUDOESTE 23/12/2020 1 P Year 8 869 COU 00052368SSW 02/04/2024 02/02/2024 02/02/2024 23/01/2024 Livros
    Classificação Decimal de Dewey     ECB - SUDOESTE ECB - SUDOESTE 23/12/2020   P Year 8 869 COU 00052369SSW   23/01/2024   23/01/2024 Livros
    Classificação Decimal de Dewey     ECB - SUDOESTE ECB - SUDOESTE 18/11/2020   P Year 7 869 COU 00051388SSW   23/01/2024   23/01/2024 Livros
    Classificação Decimal de Dewey     ECB - SUDOESTE ECB - SUDOESTE 18/11/2020   P Year 7 869 COU 00051389SSW   23/01/2024   23/01/2024 Livros
    Classificação Decimal de Dewey     ECB - SUDOESTE ECB - SUDOESTE 18/11/2020   P Year 7 869 COU 00051381SSW   23/01/2024   23/01/2024 Livros
    Classificação Decimal de Dewey     ECB - SUDOESTE ECB - SUDOESTE 18/11/2020   P Year 7 869 COU 00051382SSW   23/01/2024   23/01/2024 Livros
    Classificação Decimal de Dewey     ECB - SUDOESTE ECB - SUDOESTE 18/11/2020   P Year 7 869 COU 00051383SSW   23/01/2024   23/01/2024 Livros
    Classificação Decimal de Dewey     ECB - SUDOESTE ECB - SUDOESTE 18/11/2020   P Year 7 869 COU 00051384SSW   23/01/2024   23/01/2024 Livros
    Classificação Decimal de Dewey     ECB - SUDOESTE ECB - SUDOESTE 18/11/2020   P Year 7 869 COU 00051386SSW   23/01/2024   23/01/2024 Livros
    Classificação Decimal de Dewey Perdido   ECB - SUDOESTE ECB - SUDOESTE 20/12/2017   P Year 8 869 00031837SSW   23/01/2024   23/01/2024 Livros
    Classificação Decimal de Dewey     ECB - SUDOESTE ECB - SUDOESTE 13/01/2015   P Year 8 869 00012920SSW   23/01/2024   23/01/2024 Livros
    Classificação Decimal de Dewey     ECB - SUDOESTE ECB - SUDOESTE 15/04/2024   P Year 7 869 COU 7910509515307SSW   15/04/2024   15/04/2024 Livros
    Classificação Decimal de Dewey     ECB - ÁGUAS CLARAS ECB - ÁGUAS CLARAS 18/11/2020   AP Year 7 869 COU 00051380AGC   23/01/2024   23/01/2024 Livros
    Classificação Decimal de Dewey     ECB - ÁGUAS CLARAS ECB - ÁGUAS CLARAS 18/11/2020   AP Year 7 869 COU 00051385AGC   23/01/2024   23/01/2024 Livros
          ESTA - SÃO BENTO ESTA - SÃO BENTO 30/04/2024   890 COU MEN EST00012075   30/04/2024   30/04/2024 Livros
          ESTA - SÃO BENTO ESTA - SÃO BENTO 30/04/2024   890 COU MEN EST00012076   30/04/2024   30/04/2024 Livros